Normal view
MARC view
- Keskar D. & Poddar R.Ed
Entry Personal Name
001 - CONTROL NUMBER
- control field: 191022
003 - CONTROL NUMBER IDENTIFIER
- control field: OSt
005 - DATE AND TIME OF LATEST TRANSACTION
- control field: 20230714213349.0
008 - FIXED-LENGTH DATA ELEMENTS
- fixed length control field: 230714|| aca||aabn | a|a d
040 ## - CATALOGING SOURCE
- Original cataloging agency: OSt
- Transcribing agency: OSt
100 ## - HEADING--PERSONAL NAME
- Personal name: Keskar D. & Poddar R.Ed
670 ## - SOURCE DATA FOUND
- Source citation: Work cat.: (OSt)199301: Keskar D. 171457, Mobile Telephony Devices:, 2009